| 000 | 00640cam a2200181 4500500 | ||
|---|---|---|---|
| 005 | 20260329020617.0 | ||
| 041 | _afre | ||
| 042 | _adc | ||
| 100 | 1 | 0 |
_aRosenstein, Emilie _eauthor |
| 700 | 1 | 0 |
_aLovey, Max _eauthor |
| 700 | 1 | 0 |
_aBonvin, Jean-Michel _eauthor |
| 700 | 1 | 0 |
_aDebonneville, Julien _eauthor |
| 245 | 0 | 0 | _aLes attentes des publics de l’État social. Une approche dynamique du non-recours |
| 260 | _c2025. | ||
| 500 | _a10 | ||
| 786 | 0 | _nSociologies pratiques | 51 | 2 | 2025-12-09 | p. 147-159 | 1235-9278 | |
| 856 | 4 | 1 | _uhttps://shs.cairn.info/revue-sociologies-pratiques-2025-2-page-147?lang=fr&redirect-ssocas=7080 |
| 999 |
_c1906698 _d1906698 |
||